000 00429nam a2200181Ia 4500
005 20250603145034.0
008 250603s9999 xx 000 0 und d
020 _a9780078616167
050 _aPN 4776 .G54/
100 _aReviewed by Richard John
245 0 _aGlencoe journalism today
260 _aNew York
260 _bMcGraw-Hill Companies
260 _c2005
300 _a590 p
650 _aNew York
942 _cBK
999 _c40688
_d40688